Fundamental concepts of mathematics

Αποθηκεύτηκε σε:
Λεπτομέρειες βιβλιογραφικής εγγραφής
Κύριος συγγραφέας: Goodstein, R. L. (Reuben Louis)
Μορφή: Βιβλίο
Γλώσσα:English
Δημοσίευση: Oxford ; London : Pergamon Press, 1962.
Σειρά:International series of monographs on pure and applied mathematics ; 22
Θέματα:
Ετικέτες: Προσθήκη ετικέτας
Δεν υπάρχουν, Καταχωρήστε ετικέτα πρώτοι!

MARC

LEADER 00000cam a2200000 a 4500
001 1/109067
008 151005s1962####enk| ||| |||| ||eng||
040 |a GR-MyUa  |b gre  |c GR-MyUa  |e AACR2 
041 0 |a eng 
082 7 |a 510   |2 (23) 
100 1 |a Goodstein, R. L.   |q (Reuben Louis) 
245 1 0 |a Fundamental concepts of mathematics /   |c by R. L. Goodstein. 
260 |a Oxford ; London :   |b Pergamon Press,   |c 1962.  
300 |a viii, 276 σ. :   |b πίν., σχέδια ;   |c 22 εκ.  
490 1 |a (International series of monographs on pure and applied mathematics)  |v  ; 22 
650 0 |a Mathematics. 
830 0 |a International series of monographs on pure and applied mathematics ;  |v  22 
852 |a INST  |b SAMOS  |c MAG  |e 20151005  |h 510 GOO  |p 005300042950  |q 005300042950  |t BK  |y 0 
970 |a Σιτζίμη  |b Γιασεμή  |z 05/10/2015